| 000 | 00674nam a2200253Ia 4500 | ||
|---|---|---|---|
| 008 | 170711s9999 xx 000 0 und d | ||
| 020 | _a9712714462 | ||
| 050 | _a642 | ||
| 050 | _bM467 2004 | ||
| 100 | _aThe Maya Kitchen | ||
| 245 | _aFood service and catering management : | ||
| 245 | _ba practical guide / | ||
| 245 | _cby The Maya Kitchen. | ||
| 260 | _aPhilippines : | ||
| 260 | _bThe Maya Kitchen, | ||
| 260 | _c2004 | ||
| 300 | _a203 pages : | ||
| 300 | _billustrations ; | ||
| 300 | _c25cm. | ||
| 500 | _aIncludes glossary, bibliographic reference and index. | ||
| 650 | _aCaterers and catering. | ||
| 650 | _aFood services. | ||
| 700 | _aTitle. | ||
| 999 |
_c339787 _d339787 |
||